000
00347nam a2200169Ia 4500
100
_a
Ambawade/Dayanand
650
_a
Linux
942
_c
BK
366
_f
27
654
_a
linux
245
_a
Linux Lab:Hands on Linux
260
_b
Dreamtech
_c
2012
082
_a
5.133
_b
AMB
300
_a
274
546
_a
ENGLISH
_c
electronics
999
_c
27530
_d
27530